Logo BPK

Biblioteka

Politechniki Koszalińskiej

"Kritik ist überall, zumal in Deutschland nötig" : (Rekord nr 50961)

Szczegóły MARC
000 -ETYKIETA REKORDU
podpole kontrolne o stałej długości 00660nam a2200205 i 4500
001 - NUMER KONTROLNY REKORDU
pole kontrolne bgj
020 ## - MIĘDZYNARODOWY ZNORMALIZOWANY NUMER KSIĄŻKI - ISBN
ISBN 3378001186
040 ## - ŹRÓDŁO KATALOGOWANIA
Instytucja, która utworzyła rekord BPK
041 0# - KOD JĘZYKA
Kod języka tekstu ger
920 ## - Międzynarodowy znormalizowany numer książki – ISBN
ISBN 3-378-00118-6
008 - POLE O STAŁEJ DŁUGOŚCI - DANE KONTROLNE
podpole kontrolne o stałej długości s gw f |000 0 ger
100 1# - NAZWA OSOBOWA
Nazwa osobowa NICOLAI, Friedrich
Daty związane z nazwą (1733-1811)
245 10 - TYTUŁ/ODPOWIEDZIALNOŚĆ
Tytuł "Kritik ist überall, zumal in Deutschland nötig" :
Ciąg dalszy tytułu Satiren und Schriften zur Literatur /
Pozostałe elementy strefy tytułu i oznaczenia odpowiedzialności Friedrich Nicolai.
260 ## - STREFA ADRESU WYDAWNICZEGO
Miejsce wydania Leipzig ;
-- Weimar :
Nazwa wydawcy/dystrybutora Gustav Kiepenhauer Verlag,
Data publikacji, dystrybucji/powstania dokumentu 1987.
300 ## - STREFA OPISU FIZYCZNEGO
Objętość 581, [1] S. :
Inne cechy fizyczne ill. ;
Rozmiary 21 cm.
504 ## - UWAGA DOTYCZĄCA BIBLIOGRAFII
Informacje o bibliografii Bibliographie S. 517-[546].
505 ## - SFORMALIZOWANA UWAGA DOTYCZĄCA ZAWARTOŚCI
Pełny tekst uwagi Register.
650 #9 - HASŁO PRZEDMIOTOWE W FORMIE NAZWY OGÓLNEJ LUB JEDNOSTKOWEJ
Nazwa ogólna lub geograficzna Literatur
-- Deutsch
Określnik chronologiczny Geschichte 1759-1810
856 ## - LOKALIZACJA I DOSTĘP DO ELEKTRONICZNYCH DOKUMENTÓW ZDALNYCH
Link (URL) http://koha.tu.koszalin.pl/cgi-bin/koha/opac-detail.pl?biblionumber=50961
Tekst linku Katalog online BPK
942 ## - DODATKOWE ELEMENTY (KOHA)
Typ dokumentu Książka
Egzemplarze
Wycofany Status egzemplarza Uszkodzony Dostępność Lokalizacja stała Lokalizacja bieżąca Miejsce przechowywania Sygnatura Kod kreskowy Typ dokumentu
      Tylko na miejscu Biblioteka Politechniki Koszalińskiej Biblioteka Politechniki Koszalińskiej Czytelnia Wydziałowa ul. Kwiatkowskiego 6e N 74 01582000 Książka
© 2023 Biblioteka Politechniki Koszalińskiej :: KOHA